El poder de los empresarios: política e intereses económicos en la España contemporánea, 1875-2000

সংরক্ষণ করুন:
গ্রন্থ-পঞ্জীর বিবরন
প্রধান লেখক: Cabrera, Mercedes (Author), Rey Reguillo, Fernando del (Author)
বিন্যাস: গ্রন্থ
ভাষা:স্প্যানিশ
প্রকাশিত: Madrid, España Santillana 2002
বিষয়গুলি:
ট্যাগগুলো: ট্যাগ যুক্ত করুন
কোনো ট্যাগ নেই, প্রথমজন হিসাবে ট্যাগ করুন!

MARC

LEADER 00000nam a2200000 a 4500
001 UCL9798
003 CL-VaPUC
005 20211223074334.0
008 040827e20020000SP |||||||||||||||||spa|d
999 |c 310441  |d 310439 
020 |a 8430604391 
040 |c Pontificia Universidad Católica de Valparaíso 
082 0 4 |a 322.3 CAB 2002  |2 21 
100 0 |a Cabrera, Mercedes  |e author  |9 487679 
245 1 3 |a El poder de los empresarios:  |b  política e intereses económicos en la España contemporánea, 1875-2000 
260 |a Madrid, España  |b Santillana  |c 2002 
300 |a 470 páginas 
583 |a last modification  |c 20040827 00:00:00  |k Rodrigo Vera 
650 7 |a EMPRESARIOS  |2 CL-VaPUC  |9 315086 
650 0 |a Poder político  |z ESPAÑA  |9 255509 
650 0 |a Estado y economía  |z ESPAÑA  |9 383167 
650 0 |a Historia política  |z ESPAÑA  |9 256974 
650 0 |a Grupos sociales  |z ESPAÑA  |9 268887 
700 0 |a Rey Reguillo, Fernando del  |e author  |9 487680 
942 |c BK  |2 ddc 
945 |d 20040827 00:00:00  |a cmena 
952 |0 0  |1 0  |2 ddc  |4 0  |6 322_300000000000000_CAB_2002  |7 0  |8 A  |9 378889  |a BIBHIS  |b BIBHIS  |d 2019-11-21  |i 4043901  |o 322.3 CAB 2002  |p 4043901  |r 2025-01-20  |t 1  |w 2019-11-21  |y BK  |k HIS